[Event "October TNT"]
[Site "Winnipeg CAN"]
[Date "2006.10.10"]
[Round "2"]
[White "Adol, Deng"]
[Black "Rutter, Blair"]
[Result "1-0"]
[WhiteElo "1722"]
[BlackElo "1808"]
[PlyCount "124"]
[EventDate "2006.10.03"]
[EventType "swiss"]
[EventRounds "4"]
[EventCountry "CAN"]

1. e4 e6 2. a3 d5 3. Bd3 c5 4. exd5 exd5 5. Qe2+ Be7 6. Bb5+ Bd7 7. Bxd7+ Nxd7
8. Nf3 Ngf6 9. O-O O-O 10. d3 Bd6 11. Bg5 Qc7 12. Nc3 a6 13. h3 Rfe8 14. Qd2 b5
15. Rfe1 h6 16. Bxf6 Nxf6 17. Rxe8+ Rxe8 18. Re1 Rd8 19. d4 b4 20. Nb1 Ne4 21.
Qe2 bxa3 22. bxa3 c4 23. c3 Qa5 24. Qc2 Rb8 25. Ne5 Rb3 26. f3 Nf6 27. Ng4 Nxg4
28. Re8+ Bf8 29. hxg4 Qb5 30. Re1 g6 31. f4 Bxa3 32. Nxa3 Rxa3 33. f5 Qc6 34.
Qc1 Rb3 35. Qxh6 Rb8 36. g5 Qd6 37. Rf1 Re8 38. f6 Qf8 39. Qh3 Qd6 40. Qh4 Re4
41. Qh3 Re6 42. Rb1 Re8 43. Rb7 Qf4 44. Re7 Rb8 45. Re1 Qxg5 46. Qd7 Rf8 47.
Qe7 Qd2 48. Re3 Rb8 49. Qe5 Rd8 50. Qg5 Qd1+ 51. Kf2 Qh5 52. Qg3 Qf5+ 53. Rf3
Qc2+ 54. Kg1 Re8 55. Qd6 Qc1+ 56. Kh2 Qh6+ 57. Rh3 Qg5 58. Qxa6 Qf4+ 59. Rg3
Qh4+ 60. Rh3 Qf4+ 61. Rg3 Re3 62. Qc8+ Re8 1-0

[Event "October TNT"]
[Site "Winnipeg CAN"]
[Date "2006.10.10"]
[Round "2"]
[White "Anderson, George"]
[Black "Gibson, Fred"]
[Result "1-0"]
[WhiteElo "1444"]
[BlackElo "1187"]
[PlyCount "62"]
[EventDate "2006.10.03"]
[EventType "swiss"]
[EventRounds "4"]
[EventCountry "CAN"]

1. e4 c5 2. a3 d6 3. b4 b6 4. b5 Nf6 5. Bc4 e6 6. d3 Be7 7. Qf3 O-O 8. e5 d5 9.
exf6 Bxf6 10. Ra2 Bb7 11. Ne2 a6 12. a4 Ra7 13. Bb3 c4 14. Bb2 Bxb2 15. Rxb2
cxb3 16. Rxb3 Nd7 17. d4 Nf6 18. O-O Ne4 19. Nec3 Nd6 20. Nd2 Nc4 21. Qd3 Qc8
22. Rb4 a5 23. Rbb1 Ba8 24. Nxc4 Qxc4 25. Qxc4 dxc4 26. Rfe1 Rd7 27. Ne2 c3 28.
Rb3 Rc8 29. f3 Bd5 30. Ra3 Rdc7 31. Nf4 e5 1-0

[Event "October TNT"]
[Site "Winnipeg CAN"]
[Date "2006.10.10"]
[Round "2"]
[White "Booth, Kevin"]
[Black "Gibbons, Lorne"]
[Result "1-0"]
[WhiteElo "1596"]
[BlackElo "1327"]
[PlyCount "29"]
[EventDate "2006.10.03"]
[EventType "swiss"]
[EventRounds "4"]
[EventCountry "CAN"]

1. d4 d5 2. c4 e6 3. Nc3 c5 4. cxd5 cxd4 5. Qxd4 exd5 6. Qxd5 Qxd5 7. Nxd5 Bd6
8. Bf4 Bxf4 9. Nxf4 Nf6 10. g3 Bd7 11. Bg2 Bc6 12. Nf3 Nbd7 13. O-O O-O 14.
Rac1 g5 15. Nxg5 1-0

[Event "October TNT"]
[Site "Winnipeg CAN"]
[Date "2006.10.10"]
[Round "2"]
[White "Cleto, Sam"]
[Black "Prince, Colin"]
[Result "1-0"]
[WhiteElo "1780"]
[BlackElo "1822"]
[PlyCount "45"]
[EventDate "2006.10.03"]
[EventType "swiss"]
[EventRounds "4"]
[EventCountry "CAN"]

1. e4 e5 2. Nf3 Nc6 3. Bc4 Nf6 4. d3 d5 5. exd5 Nxd5 6. Bxd5 Qxd5 7. Nc3 Bb4 8.
O-O Bxc3 9. bxc3 Bg4 10. c4 Bxf3 11. gxf3 Qe6 12. f4 f6 13. fxe5 fxe5 14. Qh5+
g6 15. Qd1 O-O 16. Be3 Rf5 17. Rb1 b6 18. c3 Raf8 19. Qg4 Qf6 20. Rb5 h5 21.
Qg2 Rf3 22. Rd5 Rd8 23. Bg5 1-0

[Event "October TNT"]
[Site "Winnipeg CAN"]
[Date "2006.10.10"]
[Round "2"]
[White "Czypinski, Jaroslaw"]
[Black "Pottinger, Carl"]
[Result "0-1"]
[WhiteElo "1898"]
[BlackElo "1711"]
[PlyCount "106"]
[EventDate "2006.10.03"]
[EventType "swiss"]
[EventRounds "4"]
[EventCountry "CAN"]

1. e4 c5 2. d4 cxd4 3. c3 dxc3 4. Nxc3 d6 5. Bc4 e6 6. Nf3 Be7 7. O-O Nf6 8.
Qe2 O-O 9. Rd1 Qa5 10. Bf4 Rd8 11. Nb5 Ne8 12. Bg5 Bxg5 13. Nxg5 h6 14. Nf3 a6
15. Nc3 b5 16. Bb3 Bb7 17. e5 d5 18. Nd4 Nc6 19. a3 Nxd4 20. Rxd4 Qb6 21. Rad1
Bc6 22. Bc2 a5 23. Qd3 f5 24. exf6 Nxf6 25. Rf4 Rf8 26. Re1 Rae8 27. Re5 b4 28.
Ne2 bxa3 29. bxa3 Qb2 30. Re3 Qa1+ 31. Bb1 Rb8 32. Nc3 Qxa3 33. Qd1 Qb2 34. Bc2
e5 35. Rxf6 Rxf6 36. Nxd5 Bxd5 37. Qxd5+ Kh8 38. Qe4 g6 39. f3 Qa1+ 40. Kf2 Qd4
41. Qxe5 Qxe5 42. Rxe5 Rb2 43. Rc5 a4 44. Kg3 a3 45. Bd3 a2 46. Ra5 Rd6 47. Bc4
Rdd2 48. Ra8+ Kg7 49. Ra7+ Kf6 50. Ra6+ Ke5 51. f4+ Kd4 52. Bf7 Rxg2+ 53. Kf3
Rbf2# 0-1

[Event "October TNT"]
[Site "Winnipeg CAN"]
[Date "2006.10.10"]
[Round "2"]
[White "Goodman, Clifford"]
[Black "Green, Jim"]
[Result "1-0"]
[WhiteElo "1398"]
[BlackElo "1674"]
[PlyCount "93"]
[EventDate "2006.10.03"]
[EventType "swiss"]
[EventRounds "4"]
[EventCountry "CAN"]

1. e4 c6 2. d4 d5 3. exd5 cxd5 4. c4 Nf6 5. Nc3 e6 6. a3 Be7 7. Nf3 O-O 8. Bd3
dxc4 9. Bxc4 Nc6 10. O-O a6 11. d5 exd5 12. Nxd5 Nxd5 13. Bxd5 Qb6 14. b4 Bf6
15. Be3 Qc7 16. Rc1 Bg4 17. Qb3 Bxf3 18. Bxf3 Rad8 19. Qa4 Be5 20. g3 Qd7 21.
Rfd1 Nd4 22. Qxd7 Rxd7 23. Bxd4 Bxd4 24. Bg4 Rd6 25. Kg2 Rfd8 26. Rc7 Bb6 27.
Rxd6 Bxc7 28. Rxd8+ Bxd8 29. Bc8 a5 30. bxa5 Bxa5 31. Bxb7 Kf8 32. Kf3 Bb6 33.
Ke2 Ke7 34. f3 Kd6 35. Kd3 Bg1 36. h3 Bh2 37. g4 Ke5 38. Be4 h6 39. Kc4 g6 40.
Bd5 f5 41. gxf5 Kxf5 42. Be4+ Kf6 43. Kd5 g5 44. a4 h5 45. Kc6 Ke5 46. Bg6 h4
47. Bh5 1-0

[Event "October TNT"]
[Site "Winnipeg CAN"]
[Date "2006.10.10"]
[Round "2"]
[White "Greenberg, Harley"]
[Black "Babb, Jeff"]
[Result "0-1"]
[WhiteElo "1768"]
[BlackElo "2131"]
[PlyCount "53"]
[EventDate "2006.10.03"]
[EventType "swiss"]
[EventRounds "4"]
[EventCountry "CAN"]

1. c4 Nf6 2. Nc3 e6 3. g3 d5 4. d4 c6 5. Bg2 Bb4 6. Bd2 O-O 7. Nf3 Nbd7 8. O-O
dxc4 9. Ne4 Be7 10. Nxf6+ Bxf6 11. Bc3 b5 12. b3 cxb3 13. Qxb3 Bb7 14. Rfd1 a5
15. a3 Qb6 16. Rac1 Rfd8 17. e4 Ba6 18. d5 Nc5 19. Qc2 Bxc3 20. Qxc3 Nxe4 21.
Qxc6 Qxf2+ 22. Kh1 Qa7 23. Rf1 Rac8 24. dxe6 Rxc6 25. exf7+ Kf8 26. Ng5 Nxg5
27. Bxc6 0-1

[Event "October TNT"]
[Site "Winnipeg CAN"]
[Date "2006.10.10"]
[Round "2"]
[White "Khedkar, Jay"]
[Black "Karmali, Hafiz"]
[Result "1-0"]
[WhiteElo "1814"]
[BlackElo "2007"]
[PlyCount "125"]
[EventDate "2006.10.03"]
[EventType "swiss"]
[EventRounds "4"]
[EventCountry "CAN"]

1. e4 e6 2. d4 d5 3. Nd2 Nf6 4. e5 Nfd7 5. Bd3 c5 6. c3 Nc6 7. Ne2 f6 8. Nf4
Qe7 9. Qh5+ Qf7 10. Qxf7+ Kxf7 11. exf6 gxf6 12. Nf3 cxd4 13. cxd4 Nb4 14. Bb1
Nb6 15. O-O Bd7 16. a3 Nc6 17. Re1 Bd6 18. Bd3 e5 19. dxe5 Nxe5 20. Nd4 Nxd3
21. Nxd3 Rhe8 22. Bf4 Bxf4 23. Nxf4 Re4 24. Rxe4 dxe4 25. Rc1 Rc8 26. Rxc8 Nxc8
27. Nd5 Nd6 28. Ne3 f5 29. Kf1 Kf6 30. Ke2 Ke5 31. Ndc2 f4 32. Nd1 Ba4 33. Kd2
Nc4+ 34. Kc3 Bxc2 35. Kxc2 Kd4 36. Nc3 e3 37. Ne2+ Ke5 38. f3 Nd6 39. Kd3 b5
40. b3 a5 41. g3 fxg3 42. hxg3 a4 43. bxa4 bxa4 44. Nc3 h5 45. Kxe3 Nc4+ 46.
Kd3 Nxa3 47. Nxa4 Nb5 48. Nc5 Nd6 49. Ne4 Nf7 50. Ke3 Kf5 51. Kd4 Nh8 52. Kd5
Ng6 53. Nd6+ Kg5 54. Ke6 Nf4+ 55. Ke5 Ng6+ 56. Ke4 h4 57. f4+ Kg4 58. f5 Nf8
59. gxh4 Kxh4 60. Kf4 Kh5 61. Nf7 Nd7 62. Ke4 Kg4 63. Ne5+ 1-0

[Event "October TNT"]
[Site "Winnipeg CAN"]
[Date "2006.10.10"]
[Round "2"]
[White "Kohalmi, Andy"]
[Black "Reimer, Bruce"]
[Result "1/2-1/2"]
[WhiteElo "1683"]
[BlackElo "1499"]
[PlyCount "69"]
[EventDate "2006.10.03"]
[EventType "swiss"]
[EventRounds "4"]
[EventCountry "CAN"]

1. d4 Nf6 2. Nf3 d5 3. e3 Bg4 4. Bd3 e6 5. h3 Bxf3 6. Qxf3 c5 7. c3 cxd4 8.
exd4 g6 9. Bg5 Bg7 10. Bb5+ Nc6 11. Nd2 a6 12. Ba4 b5 13. Bb3 h6 14. Bh4 g5 15.
Bg3 Qa5 16. O-O Nxd4 17. cxd4 Qxd2 18. Be5 Ke7 19. Rfe1 Rhd8 20. Re2 Qa5 21.
Rc1 Rdc8 22. Rec2 Rxc2 23. Rxc2 Ne8 24. Bxg7 Nxg7 25. Qe3 Nf5 26. Qe5 Rd8 27.
Rc5 f6 28. Rc7+ Rd7 29. Rxd7+ Kxd7 30. Qxf6 Qe1+ 31. Kh2 Qxf2 32. Qf7+ Kd6 33.
Qf8+ Kd7 34. Qf7+ Kd6 35. Qf8+ 1/2-1/2

[Event "October TNT"]
[Site "Winnipeg CAN"]
[Date "2006.10.10"]
[Round "2"]
[White "Mundwiler, Les"]
[Black "Wierda, John"]
[Result "1-0"]
[WhiteElo "2026"]
[BlackElo "1753"]
[PlyCount "61"]
[EventDate "2006.10.03"]
[EventType "swiss"]
[EventRounds "4"]
[EventCountry "CAN"]

1. e4 e6 2. c4 d5 3. cxd5 exd5 4. exd5 Nf6 5. Nc3 Nxd5 6. Bc4 Be6 7. Qf3 c6 8.
Nge2 Bc5 9. d4 Bb6 10. O-O O-O 11. Bd3 Nd7 12. Rd1 N7f6 13. h3 Qd6 14. Ne4 Nxe4
15. Qxe4 Nf6 16. Qh4 Bd8 17. Bf4 Qd7 18. Be5 h6 19. Qg3 Bf5 20. Bc4 Be6 21. d5
Bxd5 22. Nf4 g5 23. Bxf6 Bxf6 24. Nxd5 cxd5 25. Bxd5 Rab8 26. Bb3 Qb5 27. Rd5
Qe2 28. Rad1 Rbd8 29. Rxd8 Bxd8 30. Qd6 Qxb2 31. Qxh6 1-0

[Event "October TNT"]
[Site "Winnipeg CAN"]
[Date "2006.10.10"]
[Round "2"]
[White "Nguyen, Huy"]
[Black "Essery, Richard"]
[Result "0-1"]
[WhiteElo "1713"]
[BlackElo "1543"]
[PlyCount "109"]
[EventDate "2006.10.03"]
[EventType "swiss"]
[EventRounds "4"]
[EventCountry "CAN"]

1. Nf3 d5 2. g3 c5 3. Bg2 Nc6 4. d4 e6 5. O-O Qb6 6. e3 Nf6 7. c3 Bd6 8. dxc5
Bxc5 9. b4 Be7 10. a4 O-O 11. Re1 Qc7 12. Nbd2 Nd7 13. e4 dxe4 14. Nxe4 Rd8 15.
Qb3 Nde5 16. Bf4 Nxf3+ 17. Bxf3 e5 18. Be3 Be6 19. Qb2 Rd3 20. Rad1 Rad8 21.
Be2 Rxd1 22. Rxd1 Rxd1+ 23. Bxd1 Qd7 24. Be2 b6 25. Qd2 Qc7 26. h4 Bb3 27. Bd1
Bxd1 28. Qxd1 Nd8 29. Qd5 Kf8 30. Bg5 f6 31. Bd2 h6 32. g4 Qc6 33. Qxc6 Nxc6
34. Kg2 f5 35. gxf5 Bxh4 36. f6 gxf6 37. Bxh6+ Ke7 38. b5 Na5 39. Kf3 f5 40.
Bg5+ Bxg5 41. Nxg5 Nc4 42. Ke2 Nb2 43. Nf3 Kd6 44. Nd2 Kd5 45. f3 Nxa4 46. Kd3
Nb2+ 47. Kc2 Nc4 48. Nb3 Na3+ 49. Kd3 e4+ 50. fxe4+ fxe4+ 51. Ke3 Nxb5 52. c4+
Kxc4 53. Nd2+ Kb4 54. Nxe4 a5 55. Kd2 0-1

[Event "October TNT"]
[Site "Winnipeg CAN"]
[Date "2006.10.10"]
[Round "2"]
[White "Pang, Michael"]
[Black "Evans, Brian"]
[Result "0-1"]
[WhiteElo "1255"]
[BlackElo "1482"]
[PlyCount "54"]
[EventDate "2006.10.03"]
[EventType "swiss"]
[EventRounds "4"]
[EventCountry "CAN"]

1. d4 Nf6 2. Nf3 g6 3. Bg5 Bg7 4. e3 d6 5. Bc4 Bg4 6. h3 Bxf3 7. Qxf3 c6 8. Nc3
Qa5 9. O-O Qxg5 10. Ne4 Qh6 11. c3 O-O 12. Bb3 Nbd7 13. Rad1 d5 14. Ng3 e5 15.
Rfe1 e4 16. Qf4 Qxf4 17. exf4 b5 18. f3 exf3 19. gxf3 Bh6 20. f5 Bf4 21. Ne2
Bd6 22. fxg6 fxg6 23. Nc1 Nh5 24. Re6 Rf6 25. Rde1 Raf8 26. Bd1 Nf4 27. h4 Nxe6
0-1

[Event "October TNT"]
[Site "Winnipeg CAN"]
[Date "2006.10.10"]
[Round "2"]
[White "Silva, T Romeo"]
[Black "Kwiatek, Jordan"]
[Result "0-1"]
[WhiteElo "1794"]
[BlackElo "1848"]
[PlyCount "90"]
[EventDate "2006.10.03"]
[EventType "swiss"]
[EventRounds "4"]
[EventCountry "CAN"]

1. Nf3 d5 2. d4 Nf6 3. c4 c6 4. cxd5 cxd5 5. Nc3 Nc6 6. g3 a6 7. Bg2 e6 8. a3
Bd6 9. Bg5 h6 10. Bxf6 Qxf6 11. O-O Qd8 12. Re1 O-O 13. e4 dxe4 14. Nxe4 Bc7
15. Qd3 Ne7 16. Red1 Nd5 17. Rac1 Bd7 18. Nc3 Nxc3 19. bxc3 Ba4 20. Re1 Qd6 21.
Ne5 Rab8 22. Qc4 Be8 23. Kh1 b5 24. Qb3 Kh8 25. Red1 f6 26. Nd3 Bf7 27. Qb4
Qxb4 28. axb4 a5 29. Nc5 Rfd8 30. Na6 Rbc8 31. Bb7 a4 32. Bxc8 Rxc8 33. Nc5 Re8
34. d5 Bh5 35. Nxe6 Bxd1 36. Rxd1 Be5 37. d6 Rxe6 38. d7 Bc7 39. d8=Q+ Bxd8 40.
Rxd8+ Kh7 41. Rd2 Re1+ 42. Kg2 Rc1 43. c4 Rxc4 44. Rb2 Rc3 45. Kf1 Rb3 0-1

[Event "October TNT"]
[Site "Winnipeg CAN"]
[Date "2006.10.10"]
[Round "2"]
[White "Van Wyk, Joseph"]
[Black "Clark, Jeff"]
[Result "0-1"]
[WhiteElo "1833"]
[BlackElo "1756"]
[PlyCount "46"]
[EventDate "2006.10.03"]
[EventType "swiss"]
[EventRounds "4"]
[EventCountry "CAN"]

1. e4 Nf6 2. Nc3 d5 3. e5 d4 4. exf6 dxc3 5. fxg7 cxd2+ 6. Bxd2 Bxg7 7. Qh5 Qd6
8. O-O-O Qe5 9. Qxe5 Bxe5 10. Nf3 Bg7 11. Bc4 Nc6 12. Bf4 O-O 13. Bxc7 Bg4 14.
h3 Rac8 15. hxg4 Rxc7 16. Bd3 Rfc8 17. Bxh7+ Kf8 18. c3 b5 19. a3 b4 20. axb4
Nxb4 21. Kb1 Nc6 22. Be4 Rb8 23. Bxc6 Bxc3 0-1

[Event "October TNT"]
[Site "Winnipeg CAN"]
[Date "2006.10.17"]
[Round "3"]
[White "Anderson, George"]
[Black "Silva, T Romeo"]
[Result "0-1"]
[WhiteElo "1444"]
[BlackElo "1794"]
[PlyCount "40"]
[EventDate "2006.10.03"]
[EventType "swiss"]
[EventRounds "4"]
[EventCountry "CAN"]

1. e4 e6 2. Nc3 c6 3. Nf3 Qc7 4. Bc4 a6 5. d4 d5 6. Bb3 dxe4 7. Nxe4 Nf6 8. c3
Nbd7 9. Bc2 Nxe4 10. Bxe4 Nf6 11. Bd3 g6 12. h3 Bg7 13. Ne5 O-O 14. Qf3 Nd5 15.
Ng4 c5 16. Bh6 f5 17. Bxg7 Kxg7 18. Ne5 cxd4 19. cxd4 Qa5+ 20. Ke2 Qb6 0-1

[Event "October TNT"]
[Site "Winnipeg CAN"]
[Date "2006.10.17"]
[Round "3"]
[White "Babb, Jeff"]
[Black "Kohalmi, Andy"]
[Result "1-0"]
[WhiteElo "2131"]
[BlackElo "1683"]
[PlyCount "69"]
[EventDate "2006.10.03"]
[EventType "swiss"]
[EventRounds "4"]
[EventCountry "CAN"]

1. c4 e5 2. g3 d6 3. Bg2 c6 4. Nc3 Be6 5. d3 g6 6. Rb1 a5 7. a3 Na6 8. Nf3 h6
9. O-O Bg7 10. b4 axb4 11. axb4 Qd7 12. b5 Nc5 13. Be3 e4 14. bxc6 bxc6 15. Nd4
Bh3 16. Nxe4 Bxg2 17. Kxg2 Nxe4 18. dxe4 Nf6 19. f3 O-O 20. Rb3 Ra5 21. h3 Rfa8
22. Qb1 Rc8 23. Rb7 Rc7 24. Rxc7 Qxc7 25. Rd1 Nd7 26. Nc2 c5 27. Bf4 Ne5 28.
Qb3 Ra6 29. Rb1 Kh7 30. h4 Qa7 31. Rd1 Qc7 32. Bxe5 Bxe5 33. Qd3 Qa5 34. f4 Qc3
35. fxe5 1-0

[Event "October TNT"]
[Site "Winnipeg CAN"]
[Date "2006.10.17"]
[Round "3"]
[White "Clark, Jeff"]
[Black "Goodman, Clifford"]
[Result "0-1"]
[WhiteElo "1756"]
[BlackElo "1398"]
[PlyCount "71"]
[EventDate "2006.10.03"]
[EventType "swiss"]
[EventRounds "4"]
[EventCountry "CAN"]

1. Nf3 c6 2. c4 d5 3. e3 Bg4 4. d4 e6 5. a3 Nf6 6. Nc3 a6 7. h3 Bh5 8. Bd3 dxc4
9. Bxc4 c5 10. Be2 Nbd7 11. O-O Rb8 12. Re1 Be7 13. b3 Qb6 14. Bb2 O-O 15. Rc1
Bxf3 16. Bxf3 cxd4 17. exd4 Rfd8 18. Qe2 Qxb3 19. g4 Bxa3 20. Bxa3 Qxa3 21. g5
Ne8 22. Ne4 Nd6 23. Ra1 Qb4 24. Reb1 Qxd4 25. Rd1 Qe5 26. Nxd6 Qxg5+ 27. Bg2
Ne5 28. Ne4 Qf5 29. Ng3 Qg5 30. h4 Rxd1+ 31. Rxd1 Qf4 32. Nh5 Qf5 33. Ng3 Qg4
34. Qd2 g6 35. Qd6 Rc8 36. Qa3 0-1

[Event "October TNT"]
[Site "Winnipeg CAN"]
[Date "2006.10.17"]
[Round "3"]
[White "Czypinski, Jaroslaw"]
[Black "Pang, Michael"]
[Result "1-0"]
[WhiteElo "1898"]
[BlackElo "1255"]
[PlyCount "65"]
[EventDate "2006.10.03"]
[EventType "swiss"]
[EventRounds "4"]
[EventCountry "CAN"]

1. e4 Nc6 2. d4 d5 3. exd5 Qxd5 4. Nf3 Bg4 5. Be2 Qd8 6. O-O Nf6 7. Bg5 Ne4 8.
Be3 f5 9. Nbd2 Nf6 10. Nc4 g6 11. Nce5 Bxf3 12. Bxf3 Nd5 13. Nxc6 bxc6 14. c4
Nb4 15. a3 Nd5 16. Bxd5 cxd5 17. Rc1 c6 18. Qa4 Rc8 19. cxd5 Qxd5 20. Rc5 Qe4
21. Re5 Qd3 22. Rd1 Qe2 23. Bh6 Qxb2 24. Bxf8 Kxf8 25. Qxa7 Re8 26. Rde1 Qb8
27. Qxb8 Rxb8 28. Rxe7 h6 29. Kf1 Kg8 30. Re8+ Rxe8 31. Rxe8+ Kg7 32. Rxh8 Kxh8
33. a4 1-0

[Event "October TNT"]
[Site "Winnipeg CAN"]
[Date "2006.10.17"]
[Round "3"]
[White "Essery, Richard"]
[Black "Adol, Deng"]
[Result "0-1"]
[WhiteElo "1543"]
[BlackElo "1722"]
[PlyCount "80"]
[EventDate "2006.10.03"]
[EventType "swiss"]
[EventRounds "4"]
[EventCountry "CAN"]

1. d4 d5 2. Nf3 e6 3. Bf4 h6 4. e3 Nc6 5. c3 Nf6 6. Bd3 Nh5 7. Bg3 Nxg3 8. hxg3
Bd7 9. Nbd2 Bd6 10. e4 dxe4 11. Nxe4 Qe7 12. Qe2 O-O-O 13. Nxd6+ Qxd6 14. O-O-O
Qd5 15. Kb1 g5 16. Be4 Qa5 17. Bxc6 Bxc6 18. Ne5 Bxg2 19. Rh2 f6 20. Nf7 Qf5+
21. Kc1 Bf3 22. Qd3 Bxd1 23. Qxf5 exf5 24. Nxh8 Rxh8 25. Kxd1 Kd7 26. f3 h5 27.
Ke2 h4 28. Ke3 f4+ 29. gxf4 Ke6 30. Ke4 f5+ 31. Ke3 g4 32. fxg4 fxg4 33. c4 Kf5
34. b4 g3 35. Re2 Re8+ 36. Kf3 Rxe2 37. Kxe2 Kxf4 38. Kf1 Kf3 39. d5 h3 40. Kg1
h2+ 0-1

[Event "October TNT"]
[Site "Winnipeg CAN"]
[Date "2006.10.17"]
[Round "3"]
[White "Evans, Brian"]
[Black "Van Wyk, Joseph"]
[Result "0-1"]
[WhiteElo "1482"]
[BlackElo "1833"]
[PlyCount "79"]
[EventDate "2006.10.03"]
[EventType "swiss"]
[EventRounds "4"]
[EventCountry "CAN"]

1. e4 e5 2. Nf3 Nc6 3. Bb5 f5 4. Bxc6 dxc6 5. Nxe5 Qd4 6. Qh5+ g6 7. Nxg6 hxg6
8. Qxg6+ Kd8 9. d3 Ne7 10. Qf7 fxe4 11. O-O Qe5 12. Qf4 Qxf4 13. Bxf4 exd3 14.
cxd3 Bg7 15. Nc3 Nd5 16. Nxd5 cxd5 17. Rab1 Bf5 18. Rfd1 Kd7 19. Rd2 Rae8 20.
Kf1 Re6 21. Re1 Rhe8 22. Rxe6 Rxe6 23. h3 Rc6 24. g4 Rc1+ 25. Kg2 Bg6 26. d4
Rc4 27. Be3 b6 28. f4 c5 29. dxc5 bxc5 30. f5 Bf7 31. Kf3 d4 32. h4 Bd5+ 33.
Ke2 dxe3 34. Rxd5+ Kc6 35. Rd3 Bd4 36. g5 Rc2+ 37. Ke1 Kd5 38. f6 Ke4 39. Rd1
Kf3 40. h5 0-1

[Event "October TNT"]
[Site "Winnipeg CAN"]
[Date "2006.10.17"]
[Round "3"]
[White "Green, Aaron"]
[Black "Nguyen, Huy"]
[Result "1/2-1/2"]
[WhiteElo "1343"]
[BlackElo "1713"]
[PlyCount "101"]
[EventDate "2006.10.03"]
[EventType "swiss"]
[EventRounds "4"]
[EventCountry "CAN"]

1. e4 c6 2. d4 d5 3. exd5 Qxd5 4. c4 Qd8 5. Nf3 Bg4 6. Be2 Nf6 7. Nc3 e6 8. a3
Bd6 9. h3 Bh5 10. O-O O-O 11. Bg5 Nbd7 12. Qc2 h6 13. Bh4 Re8 14. Ne4 Bc7 15.
Rad1 g5 16. Bg3 Nxe4 17. Qxe4 Bg6 18. Qe3 f6 19. Bxc7 Qxc7 20. Bd3 Nf8 21. Nd2
Rad8 22. Bxg6 Nxg6 23. Ne4 Kg7 24. Nc5 Rd6 25. b4 b6 26. Ne4 Rd7 27. Rfe1 Rde7
28. Ng3 Nf4 29. Kh1 h5 30. Kg1 h4 31. Ne2 Ng6 32. Nc3 Nf4 33. Ne2 Ng6 34. Nc3
a6 35. g3 Rd8 36. Re2 e5 37. d5 c5 38. b5 a5 39. Red2 Qd7 40. g4 Nf4 41. Ne2 f5
42. Nxf4 exf4 43. Qc3+ Kg6 44. gxf5+ Qxf5 45. Qd3 Rd6 46. Qxf5+ Kxf5 47. f3 Re3
48. Rd3 a4 49. Kf2 Re7 50. R3d2 Re3 51. Rd3 1/2-1/2

[Event "October TNT"]
[Site "Winnipeg CAN"]
[Date "2006.10.17"]
[Round "3"]
[White "Green, Jim"]
[Black "Mundwiler, Les"]
[Result "0-1"]
[WhiteElo "1674"]
[BlackElo "2028"]
[PlyCount "59"]
[EventDate "2006.10.03"]
[EventType "swiss"]
[EventRounds "4"]
[EventCountry "CAN"]

1. e4 e5 2. Nf3 Nc6 3. Bb5 Nd4 4. Nxd4 exd4 5. O-O c6 6. Be2 Bc5 7. d3 d6 8.
Bg4 h5 9. Bxc8 Qxc8 10. Re1 Qe6 11. f4 O-O-O 12. Nd2 Bb4 13. a3 Bxd2 14. Bxd2
Nf6 15. e5 dxe5 16. Rxe5 Qd7 17. Bb4 Rde8 18. Qe2 Ng4 19. Rxe8+ Qxe8 20. Qxe8+
Rxe8 21. Bc5 Re2 22. Bxd4 Rxc2 23. Rd1 Nf6 24. Bxa7 Rxb2 25. Be3 Ra2 26. Bc1
Rc2 27. d4 Nd5 28. Kf1 f6 29. Bd2 Ra2 30. Bb4 0-1

[Event "October TNT"]
[Site "Winnipeg CAN"]
[Date "2006.10.17"]
[Round "3"]
[White "Karmali, Hafiz"]
[Black "Greenberg, Harley"]
[Result "1/2-1/2"]
[WhiteElo "2007"]
[BlackElo "1768"]
[PlyCount "83"]
[EventDate "2006.10.03"]
[EventType "swiss"]
[EventRounds "4"]
[EventCountry "CAN"]

1. e4 c5 2. Nc3 Nc6 3. g3 Nf6 4. Bg2 g6 5. Nge2 Bg7 6. d3 O-O 7. O-O a6 8. a4
d6 9. h3 Qc7 10. Be3 Rb8 11. Qd2 Re8 12. f4 b5 13. axb5 axb5 14. d4 b4 15. Na4
cxd4 16. Nxd4 Bb7 17. Qd3 Nxd4 18. Bxd4 Rec8 19. Rfc1 Qc6 20. Nb6 Rc7 21. Nd5
Nxd5 22. exd5 Bxd4+ 23. Qxd4 Qc5 24. Qxc5 Rxc5 25. c4 bxc3 26. Rxc3 Rb5 27. Re3
Bxd5 28. Bxd5 Rxd5 29. Rxe7 Rxb2 30. Re3 Rdd2 31. g4 d5 32. f5 Kg7 33. Rf3 gxf5
34. Rxf5 d4 35. Ra7 Rb1+ 36. Rf1 Rxf1+ 37. Kxf1 d3 38. Rd7 Kf6 39. Ke1 Re2+ 40.
Kd1 Re3 41. Rd6+ Kg5 42. Rd5+ 1/2-1/2

[Event "October TNT"]
[Site "Winnipeg CAN"]
[Date "2006.10.17"]
[Round "3"]
[White "Kwiatek, Jordan"]
[Black "Pottinger, Carl"]
[Result "1-0"]
[WhiteElo "1848"]
[BlackElo "1711"]
[PlyCount "49"]
[EventDate "2006.10.03"]
[EventType "swiss"]
[EventRounds "4"]
[EventCountry "CAN"]

1. d4 Nf6 2. Nf3 d5 3. g3 Bg4 4. Bg2 e6 5. c4 c6 6. O-O Bd6 7. Nc3 O-O 8. Bg5
Nbd7 9. e4 dxe4 10. Nxe4 Be7 11. Nc3 h6 12. Bf4 Qa5 13. h3 Bh5 14. a3 Qd8 15.
Re1 Nb6 16. Qb3 Bxf3 17. Bxf3 Qd7 18. Rad1 Rad8 19. a4 Na8 20. d5 exd5 21. cxd5
Nxd5 22. Nxd5 cxd5 23. Rxd5 Qe8 24. Rde5 Bf6 25. Rxe8 1-0

[Event "October TNT"]
[Site "Winnipeg CAN"]
[Date "2006.10.17"]
[Round "3"]
[White "Prince, Colin"]
[Black "Gibson, Fred"]
[Result "1-0"]
[WhiteElo "1822"]
[BlackElo "1187"]
[PlyCount "63"]
[EventDate "2006.10.03"]
[EventType "swiss"]
[EventRounds "4"]
[EventCountry "CAN"]

1. e4 c5 2. Nf3 d6 3. Bc4 Nf6 4. c3 e6 5. d3 Be7 6. Bg5 Nc6 7. Nbd2 O-O 8. Nf1
d5 9. exd5 exd5 10. Bb3 Re8 11. Ne3 b5 12. O-O Nd7 13. Bxe7 Nxe7 14. Nxd5 Nb6
15. Nf4 Ned5 16. Qd2 Be6 17. Nxe6 Rxe6 18. Rae1 Qd6 19. Rxe6 fxe6 20. Re1 a5
21. c4 Nf4 22. cxb5 Nbd5 23. g3 Ng6 24. Qg5 Nge7 25. d4 Rf8 26. Qg4 Rf5 27.
dxc5 Qxc5 28. Rxe6 g6 29. Qe4 Kf8 30. Nd4 Rf6 31. Rxf6+ Nxf6 32. Ne6+ 1-0

[Event "October TNT"]
[Site "Winnipeg CAN"]
[Date "2006.10.17"]
[Round "3"]
[White "Reimer, Bruce"]
[Black "Khedkar, Jay"]
[Result "0-1"]
[WhiteElo "1499"]
[BlackElo "1814"]
[PlyCount "64"]
[EventDate "2006.10.03"]
[EventType "swiss"]
[EventRounds "4"]
[EventCountry "CAN"]

1. e4 e5 2. Nf3 Nc6 3. Bc4 Bc5 4. c3 Nf6 5. d3 d6 6. h3 O-O 7. b4 Bb6 8. a4 a5
9. b5 Ne7 10. O-O Ng6 11. Bg5 h6 12. Be3 c6 13. bxc6 bxc6 14. Nbd2 d5 15. exd5
Bxe3 16. fxe3 cxd5 17. Bb3 Ba6 18. c4 Qb6 19. Re1 e4 20. dxe4 dxe4 21. Nd4 Ne5
22. Rb1 Qc5 23. Qc2 Bb7 24. Ba2 Nd3 25. Rf1 Qg5 26. Nf5 Nb4 27. Qb3 Rad8 28.
Nd4 Nxa2 29. Qxb7 Qxe3+ 30. Rf2 Qxd4 31. Nb3 Qd3 32. Rxa2 Qxb1+ 0-1

[Event "October TNT"]
[Site "Winnipeg CAN"]
[Date "2006.10.17"]
[Round "3"]
[White "Rutter, Blair"]
[Black "Booth, Kevin"]
[Result "1-0"]
[WhiteElo "1808"]
[BlackElo "1596"]
[PlyCount "61"]
[EventDate "2006.10.03"]
[EventType "swiss"]
[EventRounds "4"]
[EventCountry "CAN"]

1. c4 e5 2. g3 Nf6 3. Bg2 Bc5 4. Nc3 d6 5. e3 Nbd7 6. Nge2 O-O 7. O-O Re8 8. h3
Rb8 9. Kh2 Nf8 10. d3 Bf5 11. Na4 Qd7 12. b3 c6 13. e4 Bg6 14. f4 Qe7 15. Nxc5
dxc5 16. f5 Bh5 17. g4 Bxg4 18. hxg4 Nxg4+ 19. Kg3 h5 20. Bf3 Nf6 21. Kh3 g6
22. Rg1 Kh7 23. Bg5 Qd6 24. Qc2 Rbd8 25. Rad1 Rd7 26. Ng3 Ng8 27. Qe2 f6 28.
fxg6+ Nxg6 29. Be3 Qe6+ 30. Nf5 h4 31. Bh5 1-0